Wird geladen...
Vaikkam Sathyagraha and Gandhi
| 1. Verfasser: | |
|---|---|
| Format: | Printed Book |
| Veröffentlicht: |
Trichur;
Sri Narayana Institute of Social and Cultural Development;
1975
|
| Schlagworte: |
| LEADER | 00516nam a22001337a 4500 | ||
|---|---|---|---|
| 082 | |a 954.83 |b RAV/V L5 | ||
| 100 | |a T.K.Ravindran |9 307509 | ||
| 245 | |a Vaikkam Sathyagraha and Gandhi | ||
| 260 | |a Trichur; |b Sri Narayana Institute of Social and Cultural Development; |c 1975 | ||
| 300 | |a 372p. | ||
| 650 | |a English; Kerala History |9 307510 | ||
| 942 | |c BK | ||
| 999 | |c 66541 |d 66541 | ||
| 952 | |0 0 |1 0 |4 0 |6 954_830000000000000_RAV_V_L5 |7 0 |8 KERHIS |9 79258 |a MAL |b MAL |d 2016-10-27 |e 19740 |l 0 |o 954.83 RAV/V L5 |p MAL019740 |r 2016-10-27 |t 1 |w 2016-10-27 |y BK | ||